| 000 -CABECERA |
| Longitud fija campo de control |
00696nam a2200205 a 4500 |
| 001 - NÚMERO DE CONTROL |
| Número de control |
5920 |
| 003 - IDENTIFICADOR DEL NÚMERO DE CONTROL |
| Identificador del número de control |
CDMR |
| 005 - FECHA Y HORA DE LA ÚLTIMA TRANSACCIÓN |
| Fecha y hora de la última transacción |
20131009140735.0 |
| 008 - CÓDIGOS DE INFORMACIÓN DE LONGITUD FIJA |
| Códigos de información de longitud fija |
130220s1994||||||||||||||||||||||||||||d |
| 020 ## - NÚMERO INTERNACIONAL NORMALIZADO PARA LIBROS |
| Número Internacional Normalizado para Libros (ISBN) |
8476024908 |
| 040 ## - FUENTE DE LA CATALOGACIÓN |
| Centro catalogador de origen |
CDMR |
| Lengua de catalogación |
cat |
| Centro transcriptor |
CDMR |
| 100 1# - PUNTO DE ACCESO PRINCIPAL-NOMBRE DE PERSONA |
| Nombre de persona |
Roure, Conrad |
| 9 (RLIN) |
2937 |
| 245 10 - MENCIÓN DE TÍTULO |
| Título |
Memòries de Conrad Roure |
| Mención de responsabilidad, etc. |
Conrad Roure ; edició a cura de Josep Pich i Mitjana |
| Resto del título |
: recuerdos de mi larga vida. Tom V : Levantamientos federales y guerra carlista |
| 260 ## - PUBLICACIÓN, DISTRIBUCIÓN, ETC. (PIE DE IMPRENTA) |
| Lugar de publicación, distribución, etc. |
Barcelona |
| Nombre del editor, distribuidor, etc. |
Eumo |
| 260 ## - PUBLICACIÓN, DISTRIBUCIÓN, ETC. (PIE DE IMPRENTA) |
| Nombre del editor, distribuidor, etc. |
Institut Universitari d'Història Jaume Vicens i Vives |
| Fecha de publicación, distribución, etc. |
1994 |
| 300 ## - DESCRIPCIÓN FÍSICA |
| Extensión |
189 p ; |
| Dimensiones |
16 cm |
| 490 0# - MENCIÓN DE SERIE |
| Mención de serie |
Jaume Caresmar |
| Designación de volumen o secuencia |
6 |
| 650 04 - PUNTO DE ACCESO ADICIONAL DE MATERIA - TÉRMINO DE MATERIA |
| Término de materia o nombre geográfico como elemento inicial |
Periodistes catalans |
| Subdivisión de forma |
Biografia |
| 9 (RLIN) |
3139 |
| 942 ## - ENTRADA DE ELEMENTOS AGREGADOS (KOHA) |
| Koha [por defecto] tipo de item |
Monografies |
| Fuente de clasificaión o esquema |
|